CS:GO Players From Top Teams - Statistics

General Stats
  • This quiz has been taken 95 times
  • The average score is 55 of 100
Answer Stats
Team Rank Team Nation Answer % Correct
#1 Astralis Denmark dev1ce
97%
#2 Natus Vincere Ukraine s1mple
96%
#1 Astralis Denmark dupreeh
94%
#1 Astralis Denmark Magisk
93%
#2 Natus Vincere Russia electronic
90%
#8 FaZe Bosnia and Herzegovina NiKo
90%
#1 Astralis Denmark gla1ve
89%
#8 FaZe Norway rain
87%
#5 G2 Bosnia and Herzegovina huNter-
86%
#4 fnatic Sweden JW
86%
#9 Vitality France apEX
85%
#2 Natus Vincere Russia Perfecto
85%
#3 mousesports Estonia ropz
85%
#1 Astralis Denmark Xyp9x
85%
#9 Vitality France ZywOo
85%
#4 fnatic Sweden flusha
83%
#8 FaZe Sweden olofmeister
83%
#12 Ninjas in Pyjamas Sweden twist
83%
#6 Team Liquid USA EliGE
82%
#3 mousesports Turkey woxic
82%
#3 mousesports Denmark karrigan
80%
#8 FaZe Brazil coldzera
79%
#5 G2 France kennyS
79%
#6 Team Liquid Canada NAF
79%
#8 FaZe Latvia broky
77%
#4 fnatic Sweden KRIMZ
77%
#6 Team Liquid Canada Twistzz
77%
#3 mousesports Slovakia frozen
76%
#5 G2 Serbia nexa
76%
#4 fnatic Sweden Brollan
73%
#6 Team Liquid USA Stewie2K
73%
#7 Evil Geniuses Bulgaria CeRq
72%
#3 mousesports Netherlands chrisJ
72%
#2 Natus Vincere Russia flamie
72%
#2 Natus Vincere Russia Boombl4
69%
#14 Heroic Denmark cadiaN
69%
#10 100 Thieves Australia jks
69%
#9 Vitality France shox
69%
#5 G2 France AmaNEk
68%
#5 G2 France JaCkz
65%
#6 Team Liquid USA nitr0
65%
#16 OG Finland Aleksib
63%
#9 Vitality France RpK
63%
#13 FURIA Brazil KSCERATO
62%
#16 OG France NBK-
62%
#7 Evil Geniuses USA tarik
61%
#7 Evil Geniuses USA Brehze
58%
#9 Vitality France misutaaa
58%
#14 Heroic Denmark stavn
58%
#12 Ninjas in Pyjamas Sweden REZ
56%
#13 FURIA Brazil arT
55%
#13 FURIA Brazil yuurih
52%
#15 Complexity Denmark blameF
51%
#7 Evil Geniuses USA Ethan
51%
#20 ENCE Finland allu
49%
#19 Virtus.Pro Russia Jame
49%
#10 100 Thieves Norway jkaem
49%
#7 Evil Geniuses Canada stanislaw
48%
#15 Complexity USA RUSH
46%
#11 Mad Lions Denmark sjuush
46%
#15 Complexity Denmark k0nfig
45%
#4 fnatic Sweden Golden
42%
#15 Complexity Bulgaria poizon
42%
#20 ENCE Finland sergej
42%
#10 100 Thieves New Zealand Gratisfaction
41%
#17 Gen.G USA autimatic
39%
#12 Ninjas in Pyjamas Sweden Plopski
39%
#16 OG Denmark valde
39%
#19 Virtus.Pro Kazakhstan AdreN
38%
#10 100 Thieves Australia AZR
38%
#13 FURIA Brazil HEN1
38%
#10 100 Thieves Australia Liazz
38%
#16 OG UK mantuu
37%
#15 Complexity USA oBo
34%
#19 Virtus.Pro Kazakhstan qikert
34%
#11 Mad Lions Denmark acoR
32%
#19 Virtus.Pro Kazakhstan buster
32%
#12 Ninjas in Pyjamas Sweden Lekr0
32%
#19 Virtus.Pro Uzbekistan SANJI
31%
#13 FURIA Brazil VINI
31%
#16 OG Jordan ISSAA
30%
#20 ENCE Finland suNny
30%
#20 ENCE Finland xseveN
30%
#17 Gen.G Indonesia BnTeT
28%
#20 ENCE Finland Aerial
27%
#17 Gen.G Canada daps
27%
#11 Mad Lions Denmark HUNDEN
27%
#11 Mad Lions Denmark roeJ
25%
#14 Heroic Denmark bORUP
24%
#12 Ninjas in Pyjamas Sweden nawwk
24%
#14 Heroic Denmark Snappi
24%
#11 Mad Lions Denmark Bubzkji
23%
#18 Godsent Serbia Maden
23%
#18 Godsent Slovakia STYKO
23%
#14 Heroic Denmark es3tag
21%
#17 Gen.G USA s0m
20%
#17 Gen.G USA koosta
17%
#18 Godsent Germany kRYSTAL
17%
#18 Godsent Sweden Maikelele
17%
#18 Godsent Finland zehN
17%
No matching quizzes found
Score Distribution
Percent of People with Each Score
Percentile by Number Answered
Your Score History
You have not taken this quiz